[Event "Deloitte NED-ch 2019"]
[Site "Amsterdam"]
[Date "2019.07.01"]
[Round "1.1"]
[White "L'Ami, Erwin"]
[Black "Sokolov, Ivan"]
[Result "1/2-1/2"]
[WhiteElo "2633"]
[BlackElo "2584"]
[Annotator "ChessBase"]
[PlyCount "82"]
[EventDate "2019.07.01"]
[EventType "tourn"]
[EventCountry "NED"]
[SourceTitle "playchess.com"]
[Source "ChessBase"]
[SourceQuality "1"]
[TimeControl "40/5400+30:1800+30"]

1. e4 {[%emt 0:00:00]} e5 {[%emt 0:02:06]} 2. Nf3 {[%emt 0:00:00]} Nc6 {[%emt 0:00:03]} 3. Bb5 {[%emt 0:00:00]} a6 {[%emt 0:00:06]} 4. Ba4 {[%emt 0:00:09]} Nf6 {[%emt 0:00:25]} 5. O-O {[%emt 0:00:11]} Be7 {[%emt 0:00:07]} 6. d3 {[%emt 0:00:17]} d6 {[%emt 0:00:35]} 7. c3 {[%emt 0:00:23]} O-O {[%emt 0:00:05]} 8. Nbd2 {[%emt 0:00:10]} Nd7 {[%emt 0:00:22]} 9. Bc2 {[%emt 0:05:28]} Nb6 {[%emt 0:02:03]} 10. a4 {[%emt 0:04:09]} a5 {[%emt 0:03:54]} 11. Nc4 {[%emt 0:04:46]} Nxc4 {[%emt 0:02:05]} 12. dxc4 {[%emt 0:00:47]} Kh8 {[%emt 0:01:22]} 13. Re1 {[%emt 0:06:18]} Be6 {[%emt 0:12:03]} 14. b3 {[%emt 0:02:24]} Qd7 {[%emt 0:00:03]} 15. Ng5 {[%emt 0:10:46]} Bxg5 {[%emt 0:02:31]} 16. Bxg5 {[%emt 0:01:05]} b6 {[%emt 0:02:33]} 17. Qd2 {[%emt 0:04:53]} f6 {[%emt 0:01:39]} 18. Be3 {[%emt 0:00:49]} Qf7 {[%emt 0:00:02]} 19. f3 {[%emt 0:04:07]} Ne7 {[%emt 0:05:52]} 20. Qf2 {[%emt 0:01:39]} g5 {[%emt 0:09:16]} 21. Kf1 {[%emt 0:08:53]} Rg8 {[%emt 0:00:51]} 22. g4 {[%emt 0:08:30]} h5 {[%emt 0:02:47]} 23. h3 {[%emt 0:00:53]} Rg7 {[%emt 0:03:51]} 24. Ke2 {[%emt 0:00:49]} Rh7 {[%emt 0:00:06]} 25. Kd2 {[%emt 0:06:12]} Ng6 {[%emt 0:02:36]} 26. Bd3 {[%emt 0:00:58]} Kg7 {[%emt 0:01:04]} 27. Qe2 {[%emt 0:06:36]} Rah8 {[%emt 0:00:57]} 28. Rf1 {[%emt 0:00:08]} hxg4 {[%emt 0:00:26]} 29. hxg4 {[%emt 0:00:06]} Rh3 {[%emt 0:01:59]} 30. Rf2 {[%emt 0:01:08]} Qe7 {[%emt 0:04:15]} 31. Kc2 {[%emt 0:01:31]} Bd7 {[%emt 0:00:44]} 32. Raf1 {[%emt 0:01:24]} Nf4 {[%emt 0:00:48]} 33. Bxf4 {[%emt 0:02:05]} exf4 {[%emt 0:00:02]} 34. Qd2 {[%emt 0:01:18]} Qe5 {[%emt 0:06:51]} 35. Be2 {[%emt 0:01:23]} Qc5 {[%emt 0:00:22]} 36. Kb2 {[%emt 0:01:58]} Kf7 {[%emt 0:11:14]} 37. Qd4 {[%emt 0:07:04]} Ke6 {[%emt 0:00:31]} 38. Qd5+ {[%emt 0:02:23]} Ke7 {[%emt 0:12:57]} 39. Qd4 {[%emt 0:00:44]} Rg3 {[%emt 0:00:11]} 40. Bd1 {[%emt 0:01:16]} Rhh3 {[%emt 0:00:44]} 41. Rd2 {[%emt 0:31:48]} Rh8 {[%emt 0:32:50]} 1/2-1/2

[Event "Deloitte NED-ch 2019"]
[Site "Amsterdam"]
[Date "2019.07.01"]
[Round "1.2"]
[White "Bok, Benjamin"]
[Black "Tiviakov, Sergei"]
[Result "1-0"]
[WhiteElo "2645"]
[BlackElo "2608"]
[Annotator "ChessBase"]
[PlyCount "67"]
[EventDate "2019.07.01"]
[EventType "tourn"]
[EventCountry "NED"]
[SourceTitle "playchess.com"]
[Source "ChessBase"]
[SourceQuality "1"]
[TimeControl "40/5400+30:1800+30"]

1. d4 {[%emt 0:00:00]} Nf6 {[%emt 0:00:00]} 2. c4 {[%emt 0:00:00]} e6 {[%emt 0:00:00]} 3. Nc3 {[%emt 0:00:00]} Bb4 {[%emt 0:00:00]} 4. Qc2 {[%emt 0:00:00]} c5 {[%emt 0:04:28]} 5. dxc5 {[%emt 0:00:02]} O-O {[%emt 0:00:05]} 6. a3 {[%emt 0:00:06]} Bxc5 {[%emt 0:00:07]} 7. Nf3 {[%emt 0:00:11]} b6 {[%emt 0:00:05]} 8. Bf4 {[%emt 0:00:12]} Bb7 {[%emt 0:00:37]} 9. Rd1 {[%emt 0:00:10]} Nc6 {[%emt 0:00:55]} 10. e3 {[%emt 0:00:13]} Rc8 {[%emt 0:03:03]} 11. Be2 {[%emt 0:18:16]} Be7 {[%emt 0:08:41]} 12. O-O {[%emt 0:17:07]} Na5 {[%emt 0:21:33]} 13. Nb5 {[%emt 0:11:42]} Bxf3 {[%emt 0:33:03]} 14. gxf3 {[%emt 0:25:50]} Nh5 {[%emt 0:00:00]} 15. Bd6 {[%emt 0:04:40]} Nc6 {[%emt 0:00:00]} 16. f4 {[%emt 0:05:31]} Nf6 {[%emt 0:00:00]} 17. Bf3 {[%emt 0:00:48]} a6 {[%emt 0:00:00]} 18. Bxe7 {[%emt 0:00:07]} Qxe7 {[%emt 0:00:00]} 19. Nd6 {[%emt 0:00:05]} Rc7 {[%emt 0:00:00]} 20. Qa4 {[%emt 0:04:22]} Ra8 {[%emt 0:03:58]} 21. b4 {[%emt 0:01:47]} Ne8 {[%emt 0:08:24]} 22. Nxe8 {[%emt 0:00:04]} Qxe8 {[%emt 0:00:54]} 23. Rd6 {[%emt 0:00:06]} e5 {[%emt 0:07:06]} 24. Rfd1 {[%emt 0:01:47]} exf4 {[%emt 0:01:00]} 25. exf4 {[%emt 0:00:10]} g6 {[%emt 0:00:43]} 26. Qb3 {[%emt 0:01:31]} b5 {[%emt 0:03:02]} 27. cxb5 {[%emt 0:06:31]} axb5 {[%emt 0:00:01]} 28. f5 {[%emt 0:00:09]} Kf8 {[%emt 0:03:21]} 29. fxg6 {[%emt 0:01:51]} hxg6 {[%emt 0:00:02]} 30. Qb2 {[%emt 0:00:35]} Kg8 {[%emt 0:02:21]} 31. Bd5 {[%emt 0:00:06]} Ne5 {[%emt 0:01:19]} 32. Bxa8 {[%emt 0:00:57]} Nc4 {[%emt 0:00:03]} 33. Qf6 {[%emt 0:00:15]} Nxd6 {[%emt 0:00:38]} 34. Qxd6 {[%emt 0:00:05]} 1-0

[Event "Deloitte NED-ch 2019"]
[Site "Amsterdam"]
[Date "2019.07.01"]
[Round "1.4"]
[White "Van Foreest, Jorden"]
[Black "Van Foreest, Lucas"]
[Result "1/2-1/2"]
[WhiteElo "2612"]
[BlackElo "2521"]
[Annotator "ChessBase"]
[PlyCount "130"]
[EventDate "2019.07.01"]
[EventType "tourn"]
[EventCountry "NED"]
[SourceTitle "playchess.com"]
[Source "ChessBase"]
[SourceQuality "1"]
[TimeControl "40/5400+30:1800+30"]

1. d4 {[%emt 0:00:00]} Nf6 {[%emt 0:00:00]} 2. c4 {[%emt 0:00:00]} e6 {[%emt 0:00:03]} 3. Nf3 {[%emt 0:00:16]} d5 {[%emt 0:00:05]} 4. Nc3 {[%emt 0:00:21]} Bb4 {[%emt 0:02:24]} 5. cxd5 {[%emt 0:00:36]} exd5 {[%emt 0:00:16]} 6. Bf4 {[%emt 0:00:06]} O-O {[%emt 0:01:20]} 7. e3 {[%emt 0:05:14]} c5 {[%emt 0:00:32]} 8. dxc5 {[%emt 0:08:30]} Qa5 {[%emt 0:06:13]} 9. Nd2 {[%emt 0:04:44]} Bxc3 {[%emt 0:33:56]} 10. bxc3 {[%emt 0:00:24]} Qxc5 {[%emt 0:00:07]} 11. Rc1 {[%emt 0:10:23]} b6 {[%emt 0:14:59]} 12. Qa4 {[%emt 0:20:09]} Bb7 {[%emt 0:02:13]} 13. Be2 {[%emt 0:02:38]} Nbd7 {[%emt 0:03:47]} 14. O-O {[%emt 0:01:02]} Qe7 {[%emt 0:01:24]} 15. Rfd1 {[%emt 0:04:40]} Rfc8 {[%emt 0:01:10]} 16. h3 {[%emt 0:02:18]} h6 {[%emt 0:00:23]} 17. Bf1 {[%emt 0:01:12]} Nc5 {[%emt 0:07:23]} 18. Qa3 {[%emt 0:01:07]} Nfe4 {[%emt 0:03:17]} 19. c4 {[%emt 0:08:50]} Nxf2 {[%emt 0:01:27]} 20. Re1 {[%emt 0:04:01]} Nfe4 {[%emt 0:01:13]} 21. Nxe4 {[%emt 0:03:00]} Qxe4 {[%emt 0:00:40]} 22. Red1 {[%emt 0:01:29]} Rd8 {[%emt 0:02:14]} 23. Rd4 {[%emt 0:00:42]} Qg6 {[%emt 0:00:44]} 24. cxd5 {[%emt 0:00:20]} Rxd5 {[%emt 0:00:27]} 25. Rcd1 {[%emt 0:01:28]} Rxd4 {[%emt 0:03:09]} 26. exd4 {[%emt 0:02:51]} Ne6 {[%emt 0:00:07]} 27. Be5 {[%emt 0:00:35]} Qe4 {[%emt 0:00:30]} 28. Qg3 {[%emt 0:00:51]} Qd5 {[%emt 0:02:14]} 29. Bd3 {[%emt 0:01:53]} Rf8 {[%emt 0:02:35]} 30. Bc2 {[%emt 0:04:21]} f6 {[%emt 0:06:08]} 31. Bb3 {[%emt 0:01:49]} Qd7 {[%emt 0:00:04]} 32. Bd6 {[%emt 0:02:53]} Rd8 {[%emt 0:01:22]} 33. Bc7 {[%emt 0:03:33]} Re8 {[%emt 0:01:31]} 34. Qd6 {[%emt 0:00:16]} Bc8 {[%emt 0:00:46]} 35. Re1 {[%emt 0:00:36]} Kh8 {[%emt 0:01:23]} 36. Bb8 {[%emt 0:00:07]} Qxd6 {[%emt 0:00:30]} 37. Bxd6 {[%emt 0:00:07]} Bd7 {[%emt 0:00:00]} 38. d5 {[%emt 0:02:20]} Nd4 {[%emt 0:00:52]} 39. Rxe8+ {[%emt 0:00:53]} Bxe8 {[%emt 0:00:02]} 40. Bd1 {[%emt 0:01:30]} Bf7 {[%emt 0:00:43]} 41. Bb8 {[%emt 0:30:10]} Bxd5 {[%emt 0:30:17]} 42. Bxa7 {[%emt 0:00:14]} Bxa2 {[%emt 0:00:05]} 43. Bxb6 {[%emt 0:00:04]} Nc6 {[%emt 0:00:47]} 44. Bf3 {[%emt 0:00:13]} Ne5 {[%emt 0:00:06]} 45. Kf2 {[%emt 0:00:07]} Kg8 {[%emt 0:00:20]} 46. Bd4 {[%emt 0:01:07]} Kf7 {[%emt 0:00:00]} 47. Bc3 {[%emt 0:00:00]} Bb3 {[%emt 0:00:00]} 48. Ke3 {[%emt 0:00:00]} Ke6 {[%emt 0:00:00]} 49. Be2 {[%emt 0:00:00]} Bd5 {[%emt 0:00:00]} 50. Kf2 {[%emt 0:00:00]} Be4 {[%emt 0:00:00]} 51. Bb4 {[%emt 0:00:00]} Ng6 {[%emt 0:00:00]} 52. Bd2 {[%emt 0:00:00]} Nh4 {[%emt 0:00:00]} 53. Bf1 {[%emt 0:00:00]} Kd5 {[%emt 0:00:00]} 54. Bb4 {[%emt 0:00:00]} Ng6 {[%emt 0:00:00]} 55. Ke3 {[%emt 0:00:00]} Nh4 {[%emt 0:00:00]} 56. Kf2 {[%emt 0:00:00]} Ke6 {[%emt 0:00:00]} 57. Bc4+ {[%emt 0:00:00]} Bd5 {[%emt 0:00:00]} 58. Bxd5+ {[%emt 0:00:00]} Kxd5 {[%emt 0:00:00]} 59. Bf8 {[%emt 0:00:00]} g5 {[%emt 0:00:00]} 60. Bxh6 {[%emt 0:00:00]} Ng6 {[%emt 0:00:00]} 61. Kg3 {[%emt 0:00:00]} Ke6 {[%emt 0:00:00]} 62. Kg4 {[%emt 0:00:00]} Nf4 {[%emt 0:00:00]} 63. Bxg5 {[%emt 0:00:00]} fxg5 {[%emt 0:00:00]} 64. Kxg5 {[%emt 0:00:00]} Nxg2 {[%emt 0:00:00]} 65. h4 {[%emt 0:00:00]} Nxh4 {[%emt 0:00:00]} 1/2-1/2

[Event "Deloitte NED-ch 2019"]
[Site "Amsterdam"]
[Date "2019.07.01"]
[Round "1.7"]
[White "Van den Doel, Erik"]
[Black "Werle, Jan"]
[Result "1/2-1/2"]
[WhiteElo "2605"]
[BlackElo "2555"]
[Annotator "ChessBase"]
[PlyCount "81"]
[EventDate "2019.07.01"]
[EventType "tourn"]
[EventCountry "NED"]
[SourceTitle "playchess.com"]
[Source "ChessBase"]
[SourceQuality "1"]
[TimeControl "40/5400+30:1800+30"]

1. d4 {[%emt 0:00:00]} Nf6 {[%emt 0:00:00]} 2. Nf3 {[%emt 0:00:00]} e6 {[%emt 0:00:00]} 3. Bg5 {[%emt 0:00:00]} d5 {[%emt 0:01:27]} 4. Nbd2 {[%emt 0:03:26]} Be7 {[%emt 0:01:33]} 5. e3 {[%emt 0:01:04]} h6 {[%emt 0:01:32]} 6. Bh4 {[%emt 0:17:02]} Nbd7 {[%emt 0:08:53]} 7. c4 {[%emt 0:08:12]} O-O {[%emt 0:04:28]} 8. Rc1 {[%emt 0:00:57]} c6 {[%emt 0:10:43]} 9. Bd3 {[%emt 0:10:50]} b6 {[%emt 0:13:27]} 10. O-O {[%emt 0:13:42]} Bb7 {[%emt 0:00:15]} 11. Qe2 {[%emt 0:03:17]} c5 {[%emt 0:03:52]} 12. cxd5 {[%emt 0:11:49]} exd5 {[%emt 0:05:54]} 13. dxc5 {[%emt 0:04:59]} bxc5 {[%emt 0:03:39]} 14. e4 {[%emt 0:01:16]} Re8 {[%emt 0:07:40]} 15. exd5 {[%emt 0:06:50]} Nxd5 {[%emt 0:00:42]} 16. Qe4 {[%emt 0:01:59]} g6 {[%emt 0:01:24]} 17. Bxe7 {[%emt 0:00:48]} Rxe7 {[%emt 0:08:37]} 18. Qh4 {[%emt 0:00:05]} Qf8 {[%emt 0:00:30]} 19. Rfe1 {[%emt 0:00:08]} Rae8 {[%emt 0:01:14]} 20. Bb5 {[%emt 0:00:11]} Rxe1+ {[%emt 0:03:14]} 21. Rxe1 {[%emt 0:00:19]} Rxe1+ {[%emt 0:01:13]} 22. Nxe1 {[%emt 0:00:06]} N7b6 {[%emt 0:03:46]} 23. Qe4 {[%emt 0:00:46]} Ba8 {[%emt 0:04:42]} 24. Qe5 {[%emt 0:00:47]} Qg7 {[%emt 0:03:40]} 25. Qb8+ {[%emt 0:03:55]} Kh7 {[%emt 0:01:05]} 26. Qxa7 {[%emt 0:00:04]} Qxb2 {[%emt 0:00:34]} 27. Qxf7+ {[%emt 0:00:15]} Qg7 {[%emt 0:01:18]} 28. Qe6 {[%emt 0:05:00]} Qc7 {[%emt 0:02:41]} 29. Ne4 {[%emt 0:01:02]} c4 {[%emt 0:00:41]} 30. Nc2 {[%emt 0:01:42]} Qb7 {[%emt 0:04:19]} 31. f3 {[%emt 0:02:17]} Qa7 {[%emt 0:00:26]} 32. Nd4 {[%emt 0:01:45]} Qg7 {[%emt 0:00:39]} 33. Nc2 {[%emt 0:00:27]} Qb2 {[%emt 0:00:47]} 34. Qf7+ {[%emt 0:00:25]} Kh8 {[%emt 0:00:08]} 35. Qf8+ {[%emt 0:00:08]} Kh7 {[%emt 0:00:04]} 36. Qf7+ {[%emt 0:01:09]} Kh8 {[%emt 0:00:02]} 37. Ne1 {[%emt 0:00:42]} Qxb5 {[%emt 0:01:13]} 38. Qf8+ {[%emt 0:00:32]} Kh7 {[%emt 0:00:02]} 39. Qf7+ {[%emt 0:00:29]} Kh8 {[%emt 0:00:04]} 40. Qf8+ {[%emt 0:00:48]} Kh7 {[%emt 0:00:02]} 41. Qf7+ {[%emt 0:04:10]} 1/2-1/2

[Event "Deloitte NED-ch 2019"]
[Site "Amsterdam"]
[Date "2019.07.02"]
[Round "2.1"]
[White "Werle, Jan"]
[Black "Van Foreest, Jorden"]
[Result "0-1"]
[WhiteElo "2555"]
[BlackElo "2612"]
[Annotator "TA"]
[PlyCount "38"]
[EventDate "2019.07.01"]
[EventType "tourn"]
[EventCountry "NED"]
[SourceTitle "playchess.com"]
[Source "ChessBase"]
[SourceQuality "1"]

{[%evp 13,124,0,23,-25,0,-16,-14,-31,-17,-26,-30,-23,-29,-26,-17,-39,-49,-72,-78,-87,-83,-87,-83,-162,-141,-114,-96,-99,-82,-122,-108,-220,-210,-205,-210,-209,-198,-192,-172,-153,-153,-151,-152,-190,-134,-104,-122,-119,-108,-113,-61,-66,-35,-32,-40,-61,-66,-62,-54,-44,-40,-47,-54,-137,-137,-278,-281,-275,0,0,0,0,0,0,0,0,0,-8,-8,-50,-50,-51,-50,-52,-50,-149,-25,-255,-255,-238,-231,-435,-420,-610,-620,-758,-705,-606,-168,-1655,-1610,-29971,-29972,-6747,-5314,-4137,-4137,-29979,-4137,-29986,-29986,-29987,-29988]} 1. d4 Nf6 2. c4 g6 3. g3 c6 4. Nf3 Bg7 5. Bg2 d5 6. Qb3 O-O 7. O-O a5 8. a4 {D78: Fianchetto Grünfeld: 6 0-0 c6} (8. cxd5 cxd5 9. Nc3 Nc6 10. Rd1 e6 11. Bf4 Qe7 12. a3 Ne4 13. Nxe4 dxe4 14. Ne5 Nxe5 15. dxe5 a4 {½-½ (55) Vidit,S (2707)-Korobov,A (2687) Hengshui 2019}) 8... Na6 9. Bd2 dxc4 10. Qxc4 {The position is equal.} Be6 $146 ({Predecessor:} 10... Ne4 11. Bc3 Nd6 12. Qb3 Be6 13. Qd1 Qb6 14. Nbd2 Nb4 15. e4 Rad8 {0-1 (35) Komarov,A (1921)-Rozhko,D (2298) St Petersburg 2015}) 11. Qc1 Rc8 12. Bh6 c5 13. Bxg7 Kxg7 14. Nc3 Qb6 (14... cxd4 $5 15. Rd1 $8 d3 $1 $15 {[%mdl 512]}) 15. e3 Rfd8 16. Rd1 cxd4 17. Nxd4 Bg4 18. Rd2 (18. f3 $17 Bd7 19. f4) 18... Nc5 $1 $19 19. Ra3 {[#]} e5 {Played: Nc5-e4} 0-1

[Event "Deloitte NED-ch 2019"]
[Site "Amsterdam"]
[Date "2019.07.02"]
[Round "2.2"]
[White "Bok, Benjamin"]
[Black "L'Ami, Erwin"]
[Result "1/2-1/2"]
[WhiteElo "2645"]
[BlackElo "2633"]
[Annotator "TA"]
[PlyCount "25"]
[EventDate "2019.07.01"]
[EventType "tourn"]
[EventCountry "NED"]
[SourceTitle "playchess.com"]
[Source "ChessBase"]
[SourceQuality "1"]

{[%evp 12,25,35,38,43,32,37,21,27,20,36,-25,-9,-39,20,6]} 1. c4 e5 2. g3 d6 3. Bg2 f5 4. Nc3 Nf6 5. d3 Be7 6. e4 Nc6 7. Nge2 O-O {A21: English Opening: 1...e5 2 Nc3} 8. O-O Qe8 9. Nd5 Bd8 10. b3 $146 ({Predecessor:} 10. h3 fxe4 11. dxe4 Qh5 12. Nec3 Qxd1 13. Rxd1 Nd4 14. f4 c6 15. Nxf6+ Bxf6 {1-0 (67) Ponkratov,P (2649)-Soozankar,A (2264) Qaem Shahr 2019}) 10... Qh5 11. Nec3 (11. f3 $14) 11... Qxd1 $11 12. Rxd1 Nd4 (12... Nxd5 $15 13. exd5 (13. Nxd5 Nd4 $11) (13. cxd5 Nd4 $15) 13... Nd4) 13. exf5 1/2-1/2

[Event "Deloitte NED-ch 2019"]
[Site "Amsterdam"]
[Date "2019.07.02"]
[Round "2.4"]
[White "Sokolov, Ivan"]
[Black "Van den Doel, Erik"]
[Result "1/2-1/2"]
[WhiteElo "2584"]
[BlackElo "2605"]
[Annotator "TA"]
[PlyCount "114"]
[EventDate "2019.07.01"]
[EventType "tourn"]
[EventCountry "NED"]
[SourceTitle "playchess.com"]
[Source "ChessBase"]
[SourceQuality "1"]

{[%evp 9,114,0,4,4,12,7,12,8,22,23,22,20,13,-21,0,-9,11,15,28,21,62,58,58,65,47,52,49,0,0,-123,-111,-123,-106,-115,-129,-123,-127,-144,-152,-168,-143,-157,-162,-202,-172,-181,-191,-180,-206,-259,-197,-204,-177,-153,-170,-152,-171,-153,-93,-214,-202,-206,-204,-207,-184,-189,-195,-189,-182,-187,-110,-120,-85,-89,-86,-90,-90,-90,-90,-90,-90,-75,-83,-88,-66,-62,-63,-64,-14,-19,-18,-20,-12,-39,-43,-49,-39,-33,-25,-31,-8,-8,-8,-8,0,0,0]} 1. d4 d5 2. c4 c6 3. Nc3 Nf6 4. Nf3 e6 5. g3 Nbd7 6. Qd3 {E01: Catalan: Early deviations} b6 7. Bg2 Ba6 8. b3 Bb4 9. O-O O-O 10. Rd1 $146 ({Predecessor:} 10. Bb2 Rc8 11. Rfd1 Qe7 12. a3 Bd6 13. a4 Bb4 {0-1 (31) Smirnov,A (2466)-Maletin,P (2570) Nizhnij Tagil 2014}) 10... Rc8 11. Bf4 Qe7 12. a3 dxc4 13. bxc4 Ba5 14. e4 Bxc3 15. Qxc3 Nxe4 16. Qc2 $1 Nd6 17. Ng5 {[%csl Gg5][%cal Rc2h7]} Nf6 18. Be5 {Hoping for Bxf6.} Rfd8 19. Bxf6 (19. Qa4 $11 {remains equal.} Qb7 20. Qc2) 19... Qxf6 $17 20. Qxh7+ Kf8 21. Qh5 Qh6 22. Qg4 Bxc4 23. Rac1 Kg8 24. Rc3 b5 25. h4 a5 {[%cal Ba7a5,Ba5b4][%mdl 32]} 26. Re1 b4 27. axb4 axb4 28. Rc2 b3 29. Rc3 Rb8 30. Rb1 b2 31. Rc2 Bd3 {[%mdl 64] Skewer} 32. Rbxb2 Bxc2 33. Rxc2 Nf5 ({Black should play} 33... Qf6 34. Bxc6 Rb4) 34. Rc4 (34. Rxc6 $17 Rxd4 35. Be4) 34... Qf6 $19 35. Ne4 Qe7 36. Ng5 Rb4 37. Qh5 {Qh7+ would kill now.} Nh6 38. Rxc6 {intending d5.} Rbxd4 39. Be4 Qf6 (39... Qd7 $19 40. Qf3 g6) 40. Kg2 {[#]} Rd2 $1 41. Bh7+ Kh8 42. Ne4 {[#]} Rxf2+ $1 {[%mdl 512]} 43. Nxf2 {And now Be4 would win.} Kxh7 44. Ne4 Qd4 45. Ng5+ Kg8 46. Qf3 Nf5 47. Kh3 Qd7 {Threatens to win with ...Nd4.} 48. Rb6 Qd5 (48... g6 {is interesting.} 49. g4 Nd4 50. Qb7 Ne2 51. Rb3 Nf4+) 49. Qxd5 exd5 $11 {[%mdl 4096] Endgame KRN-KRN} 50. g4 Nd6 51. Kg3 d4 {White must now prevent ...d3.} 52. Nf3 Ne4+ 53. Kf4 Nf6 {...Nd5+ is the strong threat.} 54. Rb3 d3 55. g5 $1 {The position is equal.} Nh5+ 56. Ke3 Ng3 {Strongly threatening ...Nf1+.} 57. Rxd3 Nf5+ {Accuracy: White = 76%, Black = 57%.} 1/2-1/2

[Event "Deloitte NED-ch 2019"]
[Site "Amsterdam"]
[Date "2019.07.02"]
[Round "2.7"]
[White "Tiviakov, Sergei"]
[Black "Van Foreest, Lucas"]
[Result "1-0"]
[WhiteElo "2608"]
[BlackElo "2521"]
[Annotator "TA"]
[PlyCount "59"]
[EventDate "2019.07.01"]
[EventType "tourn"]
[EventCountry "NED"]
[SourceTitle "playchess.com"]
[Source "ChessBase"]
[SourceQuality "1"]

{[%evp 11,59,0,0,0,0,0,0,0,10,10,8,8,13,19,20,0,0,0,8,2,4,10,90,75,113,117,108,93,122,118,138,140,146,133,139,137,132,147,174,127,149,141,203,177,587,585,793,756,844,813]} 1. e4 c5 2. Nf3 d6 3. Bb5+ Nd7 4. d4 cxd4 5. Qxd4 a6 6. Bxd7+ Bxd7 7. c4 {B51: Sicilian: Moscow Variation (3 Bb5+) without 3...Bd7} (7. Nc3 e5 8. Qd3 Rc8 9. O-O h6 10. Nd2 Be6 11. Rd1 Nf6 12. Nf1 Bc4 13. Qf3 Bxf1 14. Kxf1 Be7 15. Qd3 Rc6 {½-½ (30) Ni,H (2674)-Fedoseev,V (2702) China 2019}) 7... Nf6 8. Bg5 e6 9. Nc3 {The position is equal.} Bc6 10. Qd3 Be7 11. O-O O-O 12. Nd4 Qa5 13. Bh4 $146 ({Predecessor:} 13. Nxc6 bxc6 14. Qd2 Qc5 {0-1 (55) Alexeev,A (2301)-Sarana,A (2472) Sochi 2017}) 13... Rfc8 14. Rac1 b5 (14... Qh5 $5 {[%cal Rh5h4]} 15. Bg3 Qg6 $11) 15. cxb5 axb5 16. a3 {[%cal Ba2a3,Ba3a4,Ba4b5][%mdl 32]} Bd7 (16... Qa6 $11) 17. Ndxb5 $16 Qa6 {Black wants to play ...Rxc3!} 18. a4 {Hoping for e5!} Bxb5 19. axb5 Qa5 20. Qd4 d5 21. exd5 Bc5 {[#]} 22. Qd3 $1 Nxd5 23. Nxd5 exd5 24. Bg3 h6 25. h3 Qb4 26. Rc3 {Strongly threatening Rfc1.} Qxb2 (26... Ra5 $16 {is a better defense.}) 27. Be5 $18 {Threatens to win with Qg3!} Qa2 $2 (27... Re8) 28. Qf5 {Black must now prevent Rg3!White is clearly winning.} f6 {[#]} 29. Bd4 $1 {[%mdl 576] Pin} Qa7 (29... Bxd4 30. Rxc8+) 30. Rfc1 {[%mdl 32768] Accuracy: White = 89%, Black = 26%. . An unexpected result.} 1-0

[Event "Deloitte NED-ch 2019"]
[Site "Amsterdam"]
[Date "2019.07.03"]
[Round "3.1"]
[White "Van Foreest, Jorden"]
[Black "Sokolov, Ivan"]
[Result "1-0"]
[WhiteElo "2612"]
[BlackElo "2584"]
[Annotator "ChessBase"]
[PlyCount "79"]
[EventDate "2019.07.01"]
[EventType "tourn"]
[EventCountry "NED"]
[SourceTitle "playchess.com"]
[Source "ChessBase"]
[SourceQuality "1"]
[TimeControl "40/5400+30:1800+30"]

1. e4 {[%emt 0:00:00]} e5 {[%emt 0:19:57]} 2. Nf3 {[%emt 0:00:00]} Nc6 {[%emt 0:00:03]} 3. Bb5 {[%emt 0:00:00]} a6 {[%emt 0:00:11]} 4. Ba4 {[%emt 0:00:07]} Nf6 {[%emt 0:00:27]} 5. O-O {[%emt 0:00:20]} Be7 {[%emt 0:00:03]} 6. d3 {[%emt 0:00:13]} d6 {[%emt 0:00:40]} 7. c3 {[%emt 0:00:21]} O-O {[%emt 0:00:04]} 8. Re1 {[%emt 0:00:09]} b5 {[%emt 0:00:19]} 9. Bc2 {[%emt 0:01:11]} d5 {[%emt 0:00:04]} 10. Nbd2 {[%emt 0:01:22]} dxe4 {[%emt 0:06:31]} 11. dxe4 {[%emt 0:00:10]} Bd6 {[%emt 0:02:40]} 12. Nf1 {[%emt 0:02:22]} Ne7 {[%emt 0:00:30]} 13. a4 {[%emt 0:07:06]} Rb8 {[%emt 0:01:18]} 14. Ng3 {[%emt 0:07:23]} h6 {[%emt 0:01:57]} 15. b4 {[%emt 0:05:33]} Be6 {[%emt 0:02:43]} 16. h3 {[%emt 0:04:15]} Qc8 {[%emt 0:09:14]} 17. Nh4 {[%emt 0:10:02]} Kh8 {[%emt 0:08:14]} 18. Qf3 {[%emt 0:00:41]} Nh7 {[%emt 0:00:03]} 19. Nhf5 {[%emt 0:00:18]} Ng8 {[%emt 0:08:19]} 20. Nxg7 {[%emt 0:10:13]} Kxg7 {[%emt 0:00:02]} 21. Nh5+ {[%emt 0:00:05]} Kg6 {[%emt 0:00:02]} 22. Qg3+ {[%emt 0:01:10]} Ng5 {[%emt 0:00:02]} 23. f4 {[%emt 0:00:34]} exf4 {[%emt 0:09:01]} 24. Nxf4+ {[%emt 0:05:03]} Kh7 {[%emt 0:17:08]} 25. e5+ {[%emt 0:07:38]} Bf5 {[%emt 0:00:17]} 26. Qf2 {[%emt 0:03:56]} Be7 {[%emt 0:06:10]} 27. e6 {[%emt 0:02:40]} fxe6 {[%emt 0:03:56]} 28. h4 {[%emt 0:05:33]} Kh8 {[%emt 0:00:01]} 29. hxg5 {[%emt 0:00:08]} Bxg5 {[%emt 0:00:02]} 30. c4 {[%emt 0:01:01]} Bxc2 {[%emt 0:04:20]} 31. Bb2+ {[%emt 0:00:16]} e5 {[%emt 0:00:01]} 32. Rxe5 {[%emt 0:02:12]} Nf6 {[%emt 0:00:01]} 33. Nd5 {[%emt 0:00:18]} Bg6 {[%emt 0:01:27]} 34. Rxg5 {[%emt 0:06:14]} hxg5 {[%emt 0:00:02]} 35. Nxf6 {[%emt 0:05:01]} Qf5 {[%emt 0:00:02]} 36. Nd7+ {[%emt 0:00:45]} Kh7 {[%emt 0:00:11]} 37. Qd4 {[%emt 0:00:01]} Qf7 {[%emt 0:01:02]} 38. Nxb8 {[%emt 0:02:33]} Rxb8 {[%emt 0:00:01]} 39. Ra3 {[%emt 0:00:25]} Bh5 {[%emt 0:01:30]} 40. Rh3 {[%emt 0:00:40]} 1-0